| 000 | 01794cam a22004934i 4500 | ||
|---|---|---|---|
| 003 | PE-LiUPU | ||
| 005 | 20250731165458.0 | ||
| 008 | 150623s r 000 0 d | ||
| 020 | _a842541363X | ||
| 035 | _a(Sirsi) i9788425413636 | ||
| 040 |
_aPE-LiUPU _bspa _cPE-LiUPU _erda |
||
| 049 | _aPRUA | ||
| 082 | 0 | 4 |
_a137.703 _bV39 _221 |
| 100 | 1 |
_aVels, Augusto, _eautor. |
|
| 245 | 1 | 0 |
_aDiccionario de grafología y términos psicológicos afines / _cAugusto Vels. |
| 264 | 1 |
_aBarcelona : _bHerder, _c1997. |
|
| 300 |
_a531 páginas : _bilustraciones diagrámas, gráficos ; _c22 centímetros |
||
| 336 |
_atext _2rdacontent |
||
| 337 |
_aunmediated _2rdamedia |
||
| 338 |
_avolume _2rdacarrier |
||
| 504 | _aIncluye bibliografía. | ||
| 505 | 0 | _aIntroducción histórica a la grafología. -Introducción sistemática a la grafología. -Diccionario de términos grafológicos. -Bibliografía sobre grafología. -Diccionario de los principales términos psicológicos utilizados en grafología. -Bibliografía sobre psicología. | |
| 526 | _aSEG44 | ||
| 526 | _aSEG26 | ||
| 526 | _aP151 | ||
| 526 | _aP150 | ||
| 526 | _aP149 | ||
| 526 | _aP146 | ||
| 526 | _aP145 | ||
| 526 | _aP126 | ||
| 526 | _aP125 | ||
| 526 | _aP92 | ||
| 526 | _aP75 | ||
| 526 | _aP74 | ||
| 526 | _aP27 | ||
| 526 | _aP15 | ||
| 650 | 0 | 4 |
_aGrafología _vDiccionarios. |
| 942 |
_2ddc _cBOOK |
||
| 949 |
_aRC 137.703 V39 _wDEWEY _c1 _i45501 _lCCODEBUL1 _mBUL _r0 _sY _tBOOK _u2015-6-24 _xTEOLOGIA _PP35 _0COMPRA _o.STAFF. Colección General |
||
| 994 |
_aC0 _bPEPRU |
||
| 596 | _a1 | ||
| 999 |
_aRC 137.703 V39 _wDEWEY _c22362 _i45501 _f2021-11-4 _g6 _lCCODEBUL1 _mBUL _r0 _sY _tBOOK _u2015-6-24 _xBIBLIOTECA _PP35 _0COMPRA _o.STAFF. Colección General _d22362 |
||
| 980 |
_81 _gALBERTO SANCHEZ Responsable de Automatización |
||